Anuario hidrológico de Chile, 1962-1963
Gorde:
| Erakunde egilea: | |
|---|---|
| Formatua: | Liburua |
| Hizkuntza: | gaztelania |
| Argitaratua: |
Santiago
ENDESA
1964
|
| Gaiak: | |
| Etiketak: |
Etiketa erantsi
Etiketarik gabe, Izan zaitez lehena erregistro honi etiketa jartzen!
|
MARC
| LEADER | 00000nam a2200000 a 4500 | ||
|---|---|---|---|
| 001 | UCK0178 | ||
| 003 | CL-VaPUC | ||
| 008 | 040915e19640000CL |||||||||||||||||spa|d | ||
| 082 | 0 | 4 | |a 551.48 |b COM |2 21 |
| 110 | 2 | |a Comité Coordinador de Hidrometeorología |e author |9 488055 | |
| 245 | 1 | 0 | |a Anuario hidrológico de Chile, 1962-1963 |
| 300 | |a 233 p | ||
| 942 | |c BK | ||
| 945 | |d 20040915 00:00:00 |a cmena | ||
| 260 | |a Santiago |b ENDESA |c 1964 | ||
| 650 | 0 | |a Hidrología |9 261396 | |
| 650 | 7 | |a METEOROLOGIA |2 CL-VaPUC |9 260030 | |
| 650 | 7 | |a PLUVIOMETRIA |2 CL-VaPUC |9 392530 | |
| 650 | 7 | |a LIMNOLOGIA |2 CL-VaPUC |9 261208 | |
| 583 | |a last modification |c 20040915 00:00:00 |k Rodrigo Vera | ||
| 999 | |c 310668 |d 310666 | ||
| 952 | |0 0 |1 0 |4 0 |6 551_480000000000000_COM_1964 |7 0 |8 X |9 379548 |a BIBING |b BIBING |d 2019-11-21 |i 2121484 |o 551.48 COM 1964 |p 2121484 |r 2025-01-20 |w 2019-11-21 |y BK_X |k GEO | ||